000 00660nam a22002177a 4500
003 UA-OsUOA
001 95021
007 ta
008 20130220b un ||||| |||| 00| 0 ukr d
100 _aШовкун І.А.
090 _a330(477)
_bШ78
942 _cSA
040 _aUA-OsUOA
_bukr
_cUA-OsUOA
_dUA-OsUOA
245 _aФінансовий потенціал технологічного відтворення у переробній промисловості в регіонах України
300 _aС.38-49
955 _a0
041 _aukr
080 _a330(477)
773 0 _w95015
650 7 _a330 Економіка взагалі
_2UDC
999 _c381268
_d381268